ბათუმის შოთა რუსთაველის სახელმწიფო უნივერსიტეტის ბიბლიოთეკა

მეცხოველეობის საფუძვლები. (ბიბ.ჩანაწერი № 35455)

000 -LEADER
fixed length control field 00681nam a2200205Ia 4500
001 - CONTROL NUMBER
control field 1313
003 - CONTROL NUMBER IDENTIFIER
control field GE_BSU
008 - FIXED-LENGTH DATA ELEMENTS--GENERAL INFORMATION
fixed length control field 181216s||||||||xx |||||||||||||| ||und||
040 ## - CATALOGING SOURCE
Transcribing agency GE_BSU
080 ## - UNIVERSAL DECIMAL CLASSIFICATION NUMBER
Universal Decimal Classification number 636(075.8)
100 ## - MAIN ENTRY--PERSONAL NAME
Personal name გოცირიძე, ნ; დალაქიშვილი, გ; თორთლაძე, ლ;
245 ## - TITLE STATEMENT
Title მეცხოველეობის საფუძვლები.
260 ## - PUBLICATION, DISTRIBUTION, ETC.
Place of publication, distribution, etc. თბილისი
260 ## - PUBLICATION, DISTRIBUTION, ETC.
Date of publication, distribution, etc. 2002
300 ## - PHYSICAL DESCRIPTION
Extent 202 გვ. 19 სმ.
653 ## - INDEX TERM--UNCONTROLLED
Uncontrolled term მეცხოველეობა
653 ## - INDEX TERM--UNCONTROLLED
Uncontrolled term მეცხოველეობის საფუძვლები.
942 ## - ADDED ENTRY ELEMENTS (KOHA)
Koha item type წიგნი
ეგზემპლარები
Withdrawn status Lost status Damaged status Not for loan Date acquired Barcode Date last seen Price effective from Koha item type
        2018-12-17 2767 2018-12-17 2018-12-17 წიგნი